Studi sulla tradizione giurisprudenziale romana: età degli Antonini e dei Severi

Збережено в:
Бібліографічні деталі
Автор: Nasti, Fara (autore)
Формат: Книга
Мова:Італійська мова
Опубліковано: Nápoles Editoriale Scientifica 2013
Редагування:2a. ed
Серія:Biblioteca Universitaria, 46
Предмети:
Теги: Додати тег
Немає тегів, Будьте першим, хто поставить тег для цього запису!

MARC

LEADER 00000cam a2200000 a 4500
001 UCE5241
003 CL-VaPUC
008 141218e20130000it |||||||||||||||||ita|d
020 |a 9788863425604 
082 0 4 |a 340.54  |b NAS  |2 21 
100 |a Nasti, Fara  |e autore  |9 577779 
245 1 0 |a Studi sulla tradizione giurisprudenziale romana: età degli Antonini e dei Severi 
250 |a 2a. ed 
300 |a 185 p 
942 |c BK 
945 |d 20141218 14:42:00  |a dcastane 
260 |a Nápoles  |b Editoriale Scientifica  |c 2013 
650 0 |a Derecho romano  |9 255930 
650 0 |a Jurisprudencia romana  |9 393300 
650 0 |a Historia del derecho  |9 255109 
583 |a last modification  |c 20141218 14:42:00  |k Rodrigo Vera 
490 0 |a Biblioteca Universitaria, 46 
999 |c 358001  |d 357999 
952 |0 0  |1 0  |3 erb  |4 0  |6 340_540000000000000_NAS_2013  |7 0  |8 DER_ROM  |9 466209  |a BIBDER  |b BIBDER  |i 513000K  |o 340.54 NAS 2013  |p 513000K  |r 2023-01-25  |w 2019-11-23  |x Ubicación 4to piso  |y BK  |z Este recurso debe solicitarse con anticipación  |k DER